000 00424cam a2200169ua 4500
020 _c10.00
041 _aeng
_h
082 _a690
_bKUL/TE
100 _aKulkarni, G.J .
245 _aText book of building construction /
_cG.J.Kulkarni.
_hTextual Documents
260 _aAhmedabad :
_bAmbala J patel ,
_c1964.
300 _a383 :
_b` ; .
365 _a10.00
504 _a
942 _cBK
999 _c1797
_d1797